00784nam a2200217 a 450000100060000000300080000600500170001400800410003102000160007203500190008804000350010704100080014208200220015010000530017224501380022525000190036326000740038230000660045665000320052265000120055471237BD-RjUL20211209082106.0170430s1989 bg a|||| |||| 00| 0 ben d c: TK. 75.00 a(BD-RjUL)71452 aBD-RjULbbencBD-RjULdBD-RjUL aben 223a570bISP 1989 aইসলাম, আনোয়ারুল  aপ্রাথমিক পারিবেশিক জীববিজ্ঞান /cআনোয়ারুল ইসলাম a১ম সং. aঢাকা :bবাংলা একাডেমী,c১৯৮৯. a১৮১ পৃ. :bচিত্র. ;c২৪ সেমি. aজীববিদ্যা aBiology